1184 1861 1557 1015 1720 1670 1053 1132 1846 1875 1892 1860 1800 1113 1170 1463 1490 1290 1340 1745 1854 1792 1614 1540 1747 1353 1280 1677 1487 1579 1264 1012 1366 1801 1608 1767 1961 1368 1483 1034 1322 1869 1602 1682 1335 1747 1303 1354 1062 1375 1701 1131 1700 1236 1408 1413 1659 1332 1827 1349 1275 1762 1856 1247 1270 1588 1764 1632 1220 1647 1138 1358 1342 1056 1704 1331 1502 1558 1208 1275 1427 1449 1584 1654 1948 1432 1362 1883 1479 1873 1345 1162 1295 1205 1525 1982 1345 1142 1511 BCNSPRNW ULIB Ver.6.0+V

เปลี่ยนเป็นภาษาไทย

Change to English
 แสดงรายละเอียดบรรณานุกรม
  กลับหน้าหลัก

Brief Record : Get Marc (ISO 2709) : E-mail record : QR code < ปิดหน้าต่าง
LEADER : 00000nam 2200000uu 4500
001    13399114303
003     ULIB
008    120321s2553||||th 000 0 tha d
020    ^a9786165000598
090    ^aนว.^bย236อ 2553
100 0  ^aยาใจ
245 00 ^aอุ่นรักละลายใจ/^cยาใจ
250    ^aพิมพ์ครั้งที่ 1
260    ^aกรุงเทพฯ :^bแจ่มใส,^c2553
300    ^a278 หน้า
710 1  ^aพิมพ์คำ
945    ^p180^l0^i16992
945    ^p180^l0^i19549
995    ^aกัณชพร
999    ^aใช้งานได้ทุกระบบ
รายการนี้ยังไม่มีแท็ก
คุณยังไม่ได้ล็อกอิน คุณสามารถมีกิจกรรมร่วมกับเว็บไซต์ได้ แต่ต้องล็อกอินก่อน ::
  ล็อกอิน

รายการสื่อสารสนเทศ

ลำดับที่ ประเภท เลขเรียก/บาร์โค้ด สถานที่ สถานะ
1. นวนิยาย
นวนิยาย
นว. ย236อ 2553  
  Barcode: 16992
ห้องสมุดวิทยาเขตสวรรค์ประชารักษ์
►นวนิยาย
บนชั้น
  ขอยืม
2. นวนิยาย
นวนิยาย
นว. ย236อ 2553 ฉ.2 
  Barcode: 19549
ห้องสมุดวิทยาเขตสวรรค์ประชารักษ์
►นวนิยาย
บนชั้น
  ขอยืม

รายการใกล้เคียง
    ผู้แต่ง [ยาใจ]

BibComment


ยังไม่เคยถูกคอมเมนท์

คอมเมนท์ทรัพยากรรายการนี้
  คอมเมนท์: อุ่นรักละลายใจ ย..


 Copyright 2026. Bcnsprnw @Library